Library Logo

Pioneer International University Library Catalogue

Innocence long lost (Record no. 9295)

MARC details
000 -LEADER
fixed length control field 00343nam a22001337a 4500
005 - DATE AND TIME OF LATEST TRANSACTION
control field 20250901165806.0
008 - FIXED-LENGTH DATA ELEMENTS--GENERAL INFORMATION
fixed length control field 250320b |||||||| |||| 00| 0 eng d
020 ## - INTERNATIONAL STANDARD BOOK NUMBER
International Standard Book Number 9966951334
050 ## - LIBRARY OF CONGRESS CALL NUMBER
Classification number PL 8708.9 .W35 2005
245 ## - TITLE STATEMENT
Title Innocence long lost
Statement of responsibility, etc. Ken Walibora
260 ## - PUBLICATION, DISTRIBUTION, ETC.
Place of publication, distribution, etc. Nairobi:
Name of publisher, distributor, etc. Sasa Sema,
Date of publication, distribution, etc. 2005.
300 ## - PHYSICAL DESCRIPTION
Extent 80 p.:
Dimensions 21 cm.
942 ## - ADDED ENTRY ELEMENTS (KOHA)
Source of classification or shelving scheme Library of Congress Classification
Holdings
Withdrawn status Lost status Source of classification or shelving scheme Damaged status Not for loan Collection Home library Current library Shelving location Date acquired Source of acquisition Total checkouts Full call number Barcode Date last seen Date last checked out Copy number Price effective from Koha item type
    Library of Congress Classification       Main Library Main Library   03/20/2025 Donation from KICD   PL 8708.9 .W35 2005 PIUD0000271 03/20/2025   2 03/20/2025 Books
    Library of Congress Classification       Main Library PIU Library   03/20/2025 Donation from KICD 1 PL 8708.9 .W35 2005 PIUD0000270 09/29/2025 09/24/2025 1 03/20/2025 Books